000 00658nam a2200205Ia 4500
005 20250508155333.0
008 008 250505s9999 xx 000 0 eng d
037 _aTextual
040 _aFEDL
_beng
_cFEDL
041 _aeng
_2eng
084 _a370.9, SAX
_qFEDL
100 _aSaxena K N
245 2 _aA comparative and critical study of the systems of education in USSR, India and USA
245 0 _cNCERT. Department of Science Education
260 _aNew Delhi, India
_bNational Council of Educational Research and Training
_c1967
300 _a95p
650 _aEducation
942 _cTEXL
_h370.9, SAX
999 _c1356156
_d1356156